000 00551nam a2200193Ia 4500
003 GCL
008 140319s9999 xx 000 0 eng d
040 _aGCL /
_cGCL
082 0 4 _a616.891523
_bL P
100 1 _aLANDY, ROBERT J.
245 1 0 _aPERSONAL AND PERFORMANCE: THE MEANING OF ROLE IN DRAMA, THERAPY AND EVERYDAY LIFE /
_cLANDY, ROBERT J.
260 _a[S.N] :
_bJOHN HOPKINS PRESS ،
_c1993
300 _a278 P
650 0 4 _aROLE PLAYING
650 0 4 _aPSYCHODRAMA
650 0 4 _aSOCIAL ROLE
650 0 4 _aTHERAPEUTICS
942 _2ddc
_cBK
999 _c24543
_d24543